Statistiques concernant Monuments de Paris

Cliquez ici pour prendre le quiz!

Statistiques générales

  • Ce quiz a été pris 576 fois
  • Le résultat moyen est 8 sur 10

Statistiques - réponses

DescriptionRéponse% Correct
Phare de la capitale française, ce monument, destiné à être éphémère, a été élevé sur le Champ de Mars pour l'Exposition universelle de 1889 dont il est la vedette.Tour Eiffel
96%
Joyau de l'île de la Cité, cette cathédrale, dédiée à la Vierge, vit ses travaux débuter en 1163.Notre-Dame
94%
Forteresse puis palais des rois de France, ce lieu est une véritable ville dans la ville et abrite, depuis la fin du XVIIIème siècle, l'un des plus riches musées du monde.Musée du Louvre
92%
Tour ayant l'un des ascenseurs le plus rapide d'Europe.Tour Montparnasse
88%
Commandé par l'empereur Napoléon 1er en 1806 pour glorifier la Grande Armée, ce monument a été achevé au bout de 30 ans.Arc de Triomphe
86%
Ce cimetière est le plus grand et le plus célèbre de la capitale. Il est situé dans le 20ème arrondissement et s'étend sur une surface de 44 hectares.Cimetière du Père Lachaise
83%
Cette gare est devenue musée en 1986Musée d'Orsay
72%
Recouvert de hiéroglyphes, il a été offert en 1831 à la France par le vice-roi d'Égypte Mehmet Ali.Obélisque de Louxor
69%
Longtemps critiqué pour son architecture provocante, ce lieu, inauguré en 1977, accueille aujourd'hui près de 25 000 visiteurs par jour.Centre Georges Pompidou
47%
Caractéristique de l'art décoratif de la IIIème République, ce pont est une arche métallique de 109 mètres de long. Il a été le premier à franchir la Seine d'un seul jet.Pont Alexandre III
35%

Distribution des résultats

Percentile par nombre de réponses

% des personnes avec chaque résultat

Votre développement - résultats

Vous n’avez pas pris ce quiz